Вып. 48 : Ситема управления базами данных на микроЭВМ БнД-80; Методические материалы и документация по пакетам прикладных программ

Detalhes bibliográficos
Parent link:Методические материалы и документация по пакетам прикладных программ/ Международный центр научной и технической информации ; Международный научно-исследовательский институт проблем управления. Вып. 48 : Ситема управления базами данных на микроЭВМ БнД-80.— , 1978-1991
Outros Autores: Горностаев Ю. М. (редактор)
Idioma:russo
Publicado em: 1989
Assuntos:
Formato: Livro
KOHA link:https://koha.lib.tpu.ru/cgi-bin/koha/opac-detail.pl?biblionumber=254445

MARC

LEADER 00000nam2a2200000 4500
001 254445
005 20231101232933.0
035 |a (RuTPU)RU\TPU\book\276904 
090 |a 254445 
100 |a 20140320d1989 k y0rusy50 ca 
101 0 |a rus 
102 |a RU 
105 |a a z 001zy 
200 0 |a Вып. 48 : Ситема управления базами данных на микроЭВМ БнД-80 
210 |d 1989 
215 |a 182 с.  |c ил. 
320 |a Библиогр. в конце гл. 
461 1 |0 (RuTPU)RU\TPU\book\165595  |t Методические материалы и документация по пакетам прикладных программ  |f Международный центр научной и технической информации ; Международный научно-исследовательский институт проблем управления  |v Вып. 48 : Ситема управления базами данных на микроЭВМ БнД-80  |d 1978-1991 
606 1 |a Пакеты прикладных программ  |2 stltpush  |3 (RuTPU)RU\TPU\subj\47935  |9 66832 
610 1 |a прикладные программы 
610 1 |a методические материалы 
610 1 |a документация 
610 1 |a система управления 
610 1 |a базы данных 
610 1 |a микроЭВМ 
675 |a 681.3.06.008  |v 3 
702 1 |a Горностаев  |b Ю. М.  |4 340 
801 1 |a RU  |b 63413507  |c 20140320 
801 2 |a RU  |b 63413507  |c 20151212  |g RCR 
942 |c BK